[Event "American Continental"]
[Site "Buenos Aires ARG"]
[Date "2005.08.15"]
[Round "10"]
[White "Leeuw,P"]
[Black "Perez Wertheim,R"]
[Result "1/2-1/2"]
[WhiteElo "2088"]
[BlackElo "1999"]
[EventDate "2005.08.06"]

1. e4 e5 2. Nf3 Nc6 3. Nc3 Nf6 4. Bb5 Bb4 5. O-O O-O 6. d3 d6 7. a3 Bxc3 8.
bxc3 Ne7 9. Bg5 Ng6 10. Nh4 h6 11. Nxg6 fxg6 12. Bc4+ Kh8 13. Bh4 g5 14.
Bg3 Qe8 15. f3 Nh5 16. d4 Bd7 17. dxe5 Nxg3 18. hxg3 Qxe5 19. Qd4 Qxg3 20.
Qf2 Qf4 21. Rab1 b6 22. Bd3 Rf6 23. Rbe1 Raf8 24. e5 Re6 25. Re4 Qf5 26.
Re3 Qf4 27. Re4 Qf5 1/2-1/2

[Event "American Continental"]
[Site "Buenos Aires ARG"]
[Date "2005.08.15"]
[Round "10"]
[White "Cuevas,A"]
[Black "Barros,R"]
[Result "1-0"]
[WhiteElo "2017"]
[BlackElo "2080"]
[EventDate "2005.08.06"]

1. c4 e5 2. Nc3 f5 3. g3 Nf6 4. Bg2 d6 5. e3 Be7 6. Nge2 O-O 7. O-O Nc6 8.
Rb1 Be6 9. d3 Qd7 10. b4 d5 11. b5 Nd8 12. Qb3 c6 13. Rd1 dxc4 14. dxc4 Qe8
15. Na4 cxb5 16. Nb2 bxc4 17. Qc3 Qb5 18. Bd2 Ne4 19. Qc2 Nc5 20. Rdc1 Qd7
21. Bb4 Nd3 22. Bxe7 Qxe7 23. Rd1 Nxb2 24. Qxb2 Qc5 25. Qc3 Rb8 26. a4 a6
27. Rd2 b5 28. Rdb2 Bd7 29. Qa5 Nc6 30. Qc7 Rfd8 31. Rd2 Rbc8 32. Qb7 Na5
33. Qxa6 b4 34. Rd5 Qc7 35. Qxa5 Qxa5 36. Rxa5 c3 37. Bd5+ Kf8 38. Rxb4 c2
39. Nc1 Be6 40. Rbb5 Rc7 41. Kf1 Bd7 42. Rc5 Rxc5 43. Rxc5 Bxa4 44. Ke2 Ke7
45. Bb3 Bxb3 46. Nxb3 Rb8 47. Nc1 Rb7 48. Rxe5+ 1-0

[Event "American Continental"]
[Site "Buenos Aires ARG"]
[Date "2005.08.15"]
[Round "10"]
[White "Bendana,G"]
[Black "Lo Presti,R"]
[Result "0-1"]
[WhiteElo "2155"]
[BlackElo "2068"]
[EventDate "2005.08.06"]

1. d4 Nf6 2. Nf3 e6 3. Bg5 c5 4. e3 h6 5. Bh4 cxd4 6. exd4 b6 7. Bd3 Be7 8.
O-O O-O 9. Nbd2 Ba6 10. Qe2 Bxd3 11. Qxd3 d5 12. Ne5 Nfd7 13. Bxe7 Qxe7 14.
f4 Rc8 15. c3 Nc6 16. Rae1 Rc7 17. Re3 Rac8 18. Qe2 Re8 19. Re1 Qf6 20. Qg4
b5 21. Rf1 b4 22. Nb3 Rec8 23. Nxd7 Rxd7 24. Nc5 Rdc7 25. Qd1 bxc3 26. bxc3
Na5 27. Qb1 Nc4 28. Re2 Nd6 29. Re3 Ne4 30. Rxe4 dxe4 31. Qxe4 Rxc5 32.
dxc5 Qxc3 33. h3 Qxc5+ 34. Kh1 Qc4 35. Qb1 a5 36. Rf3 a4 37. Qb7 Rd8 38.
Qb2 Qd4 39. Qa3 h5 40. Kh2 e5 41. fxe5 Qxe5+ 42. Kg1 Rd1+ 0-1

[Event "American Continental"]
[Site "Buenos Aires ARG"]
[Date "2005.08.15"]
[Round "10"]
[White "Lida Garcia,F"]
[Black "Benko,F"]
[Result "1/2-1/2"]
[WhiteElo "2066"]
[BlackElo "2090"]
[EventDate "2005.08.06"]

1. b4 d5 2. Bb2 Nf6 3. a3 Bf5 4. Nf3 e6 5. e3 Bd6 6. c4 c6 7. Nc3 Nbd7 8.
b5 O-O 9. bxc6 bxc6 10. Nd4 Bg6 11. Nxc6 Qb6 12. Nb4 a5 13. Na4 Qb7 14. Na2
dxc4 15. Rc1 Rfc8 16. f3 Nb6 17. Bxf6 gxf6 18. Nxb6 Qxb6 19. Rxc4 Bxa3 20.
Kf2 Rd8 21. d3 Rab8 22. Be2 Qb3 23. Qxb3 Rxb3 24. Rc3 Rxc3 25. Nxc3 Rc8 26.
Nb5 Bb4 27. Rb1 Rc2 28. e4 f5 29. Kf1 1/2-1/2

[Event "American Continental"]
[Site "Buenos Aires ARG"]
[Date "2005.08.16"]
[Round "11"]
[White "Shabalov,A"]
[Black "Vera,R"]
[Result "1-0"]
[WhiteElo "2593"]
[BlackElo "2490"]
[EventDate "2005.08.06"]

1. e4 c5 2. Nf3 d6 3. d4 cxd4 4. Nxd4 Nf6 5. Nc3 a6 6. Be3 e5 7. Nb3 Be7 8.
f3 Be6 9. Qd2 O-O 10. O-O-O Nbd7 11. g4 Nb6 12. Kb1 Qc7 13. h4 d5 14. Bxb6
Qxb6 15. g5 Nh5 16. exd5 Rfd8 17. Qe1 Bd7 18. Qxe5 Bf8 19. d6 Rac8 20. Ne4
g6 21. Qa5 Qe3 22. Bc4 Bf5 23. Qd5 Rxc4 24. Qxc4 Qxf3 25. Rhe1 b5 26. Qc7
Rc8 27. Qb7 Qg4 28. Nbc5 1-0

[Event "American Continental"]
[Site "Buenos Aires ARG"]
[Date "2005.08.16"]
[Round "11"]
[White "Spraggett,K"]
[Black "Rodriguez,And URU"]
[Result "1-0"]
[WhiteElo "2592"]
[BlackElo "2523"]
[EventDate "2005.08.06"]

1. e4 e6 2. d4 d5 3. Nc3 Bb4 4. e5 Ne7 5. a3 Bxc3+ 6. bxc3 b6 7. Qg4 Ng6 8.
h4 h5 9. Qd1 Ba6 10. Bxa6 Nxa6 11. Bg5 Qd7 12. Ne2 Qc6 13. O-O Ne7 14. Qd3
Nb8 15. Ng3 Nd7 16. Qf3 g6 17. a4 a5 18. Rfd1 Nf5 19. Ra3 Ra7 20. Nf1 Nf8
21. Bc1 Nh7 22. g3 Kd7 23. Ne3 Kc8 24. c4 Nxe3 25. Bxe3 Qd7 26. cxd5 exd5
27. c4 Rd8 28. Rc1 dxc4 29. Rxc4 Qd5 30. Qe2 Rb7 31. Rb3 Qe6 32. Qc2 Kb8
33. Rc6 Qd5 34. e6 fxe6 35. Bf4 Ka8 36. Bxc7 Rc8 37. Rb5 Qd7 38. Rxa5+ 1-0

[Event "American Continental"]
[Site "Buenos Aires ARG"]
[Date "2005.08.16"]
[Round "11"]
[White "Quezada,Y"]
[Black "Gulko,B"]
[Result "1/2-1/2"]
[WhiteElo "2522"]
[BlackElo "2589"]
[EventDate "2005.08.06"]

1. e4 c5 2. Nf3 d6 3. d4 cxd4 4. Nxd4 Nf6 5. Nc3 Nc6 6. Bg5 e6 7. Qd3 Be7
8. O-O-O O-O 9. f3 Nxd4 10. Qxd4 a6 11. h4 Qc7 12. g4 b5 13. a3 Rb8 14. h5
h6 15. Bh4 Qb6 16. Qxb6 Rxb6 17. g5 hxg5 18. Bxg5 Re8 19. Rd2 Nd7 20. Bxe7
Rxe7 21. Rg1 Nf6 22. Rdg2 Ne8 23. f4 b4 24. axb4 Rxb4 25. f5 Kh7 26. Bd3
Kh6 27. fxe6 Bxe6 28. b3 Rc7 29. Kd2 Rc5 30. Ne2 a5 31. Nf4 Re5 32. Rg3 Rb7
33. Ra1 1/2-1/2

[Event "American Continental"]
[Site "Buenos Aires ARG"]
[Date "2005.08.16"]
[Round "11"]
[White "Gurevich,D"]
[Black "Ivanov,AV USA"]
[Result "0-1"]
[WhiteElo "2515"]
[BlackElo "2566"]
[EventDate "2005.08.06"]

1. d4 Nf6 2. Nf3 e6 3. c4 b6 4. Nc3 Bb7 5. Bg5 Be7 6. Qc2 c5 7. e4 cxd4 8.
Nxd4 O-O 9. O-O-O a6 10. f4 d6 11. Bd3 Nfd7 12. h4 h6 13. Bxe7 Qxe7 14. g4
Nc6 15. Nxc6 Bxc6 16. g5 h5 17. Rhe1 Rfc8 18. e5 dxe5 19. Bh7+ Kh8 20. f5
Nf8 21. f6 gxf6 22. Bd3 fxg5 23. Qe2 f5 24. Qxh5+ Qh7 25. Qxg5 Nd7 26. Bc2
Rg8 27. Qe3 Rg6 28. Nd5 exd5 29. cxd5 Bb5 30. Bxf5 Qh6 31. Bxg6 Qxg6 32. b3
a5 33. Kb2 a4 34. Rg1 a3+ 35. Ka1 Qf6 36. Qe4 Nc5 37. Qg6 Qxg6 38. Rxg6 Bd3
39. Rxb6 e4 40. Rc6 Na6 41. Rg1 e3 42. Rh6+ Bh7 43. d6 Nb4 44. d7 e2 45.
Rb6 Nc2+ 46. Kb1 e1=Q+ 47. Rxe1 Nxe1+ 48. Kc1 Nd3+ 49. Kd2 Nc5 50. Rd6 Ne4+
0-1

[Event "American Continental"]
[Site "Buenos Aires ARG"]
[Date "2005.08.16"]
[Round "11"]
[White "Nogueiras,J"]
[Black "Castro,O"]
[Result "1/2-1/2"]
[WhiteElo "2541"]
[BlackElo "2385"]
[EventDate "2005.08.06"]

1. c4 e5 2. Nc3 Nc6 3. Nf3 g6 4. d4 exd4 5. Nxd4 Bg7 6. Nxc6 bxc6 7. g3 Ne7
8. Bg2 O-O 9. O-O Rb8 10. Qc2 c5 11. b3 d6 12. Bb2 Bb7 13. Bxb7 Rxb7 14.
Qe4 Rb8 15. Rab1 Qd7 16. Rfd1 Qe6 17. Qf3 a6 18. e3 f5 19. h4 h6 20. Kg2
Rf7 21. Rh1 Bxc3 22. Bxc3 Qe4 23. Qxe4 fxe4 24. a3 Rbf8 25. Rb2 Nc8 26. Ba5
Na7 27. Bc3 Nc8 28. Rc1 Nb6 29. Ba5 Rb8 30. Rcb1 h5 31. Bxb6 Rxb6 32. b4
Rf8 33. g4 hxg4 34. Kg3 Kf7 35. Kxg4 1/2-1/2

[Event "American Continental"]
[Site "Buenos Aires ARG"]
[Date "2005.08.16"]
[Round "11"]
[White "Lima,Da"]
[Black "Tristan,L"]
[Result "1-0"]
[WhiteElo "2535"]
[BlackElo "2225"]
[EventDate "2005.08.06"]

1. e4 d6 2. g3 Nf6 3. Bg2 g6 4. d4 Bg7 5. Ne2 O-O 6. O-O Na6 7. a4 c5 8. d5
Nc7 9. Na3 b6 10. Nc3 a6 11. Nc4 Rb8 12. e5 dxe5 13. Nxe5 Bb7 14. Nc6 Bxc6
15. dxc6 Qxd1 16. Rxd1 Ne6 17. Ne2 Rbd8 18. Re1 Nd5 19. c3 Rd6 20. Nf4
Ndxf4 21. Bxf4 Nxf4 22. gxf4 e6 23. a5 b5 24. Rad1 Rxd1 25. Rxd1 Bh6 26.
Rd7 Bxf4 27. c7 1-0

[Event "American Continental"]
[Site "Buenos Aires ARG"]
[Date "2005.08.16"]
[Round "11"]
[White "Cordova,Em"]
[Black "Arencibia,W"]
[Result "0-1"]
[WhiteElo "2422"]
[BlackElo "2527"]
[EventDate "2005.08.06"]

1. d4 d5 2. Bg5 c6 3. e3 Qb6 4. b3 h6 5. Bh4 e5 6. Nf3 exd4 7. exd4 Be7 8.
c3 Bg4 9. Bxe7 Nxe7 10. Bd3 O-O 11. Nbd2 Ng6 12. O-O Nf4 13. Bb1 Nd7 14.
Qc2 g6 15. g3 Nh3+ 16. Kg2 Rfe8 17. Nh4 c5 18. Ndf3 cxd4 19. Nxd4 Ng5 20.
Rc1 Nc5 21. Qd2 Rac8 22. b4 Nce6 23. Nxe6 Qxe6 24. Bd3 d4 25. Bf1 dxc3 26.
Qd4 Bh3+ 27. Kg1 Bxf1 28. Rxf1 Qc6 29. f3 c2 30. Rac1 Rcd8 31. b5 Qxb5 32.
Qf6 Qd3 33. f4 Ne4 34. Qb2 Qe3+ 35. Kh1 Nf2+ 36. Kg2 Rd2 37. Qb5 Nd3+ 38.
Kh3 Nxc1 39. Rxc1 Qe2 40. Qb3 Qxh2+ 41. Kg4 Qe2+ 42. Nf3 Rd3 43. Qxb7 Rxf3
0-1

[Event "American Continental"]
[Site "Buenos Aires ARG"]
[Date "2005.08.16"]
[Round "11"]
[White "Ibragimov,I"]
[Black "Liascovich,L"]
[Result "1-0"]
[WhiteElo "2605"]
[BlackElo "2432"]
[EventDate "2005.08.06"]

1. c4 Nf6 2. Nc3 d5 3. cxd5 Nxd5 4. g3 c5 5. Bg2 Nc7 6. d3 e5 7. a3 Be7 8.
b4 cxb4 9. axb4 Qd4 10. Bd2 f6 11. b5 O-O 12. Nf3 Qd8 13. O-O Be6 14. Qb1
Nd5 15. d4 Nd7 16. Nxd5 Bxd5 17. Ng5 e4 18. Bxe4 Bxe4 19. Nxe4 f5 20. Nc3
Nb6 21. e3 Qd7 22. Rc1 Rf6 23. Qb3+ Kh8 24. Na4 Nxa4 25. Rxa4 a6 26. bxa6
Rfxa6 27. Rxa6 bxa6 28. Ba5 Bd8 29. Bxd8 Rxd8 30. Qb6 Ra8 31. Rc5 h6 32.
Qg6 f4 33. Qe4 Qa7 34. Qxf4 a5 35. Rc7 Qb8 36. Qf7 Qb1+ 37. Kg2 Qh7 38. Qd5
Rf8 39. Qe5 a4 40. Ra7 Qg6 41. Qe7 Rf6 42. d5 Qg4 43. Qd8+ 1-0

[Event "American Continental"]
[Site "Buenos Aires ARG"]
[Date "2005.08.16"]
[Round "11"]
[White "Zambrana,O"]
[Black "Vasquez,R"]
[Result "0-1"]
[WhiteElo "2421"]
[BlackElo "2558"]
[EventDate "2005.08.06"]

1. e4 c5 2. Nf3 d6 3. d4 cxd4 4. Nxd4 Nf6 5. Nc3 Nc6 6. Bg5 e6 7. Qd2 h6 8.
Bxf6 gxf6 9. O-O-O a6 10. f4 Qb6 11. Nb3 Bd7 12. Be2 h5 13. Rhf1 O-O-O 14.
Kb1 Kb8 15. Rf3 Ne7 16. Rh3 h4 17. Qe1 Ng6 18. f5 Nf4 19. Rf3 Nxg2 20. Qf1
h3 21. Rdd3 Be7 22. Rxh3 Rxh3 23. Rxh3 Rg8 24. a4 Bc6 25. a5 Qb4 26. fxe6
fxe6 27. Bc4 Bd7 28. Bd3 d5 29. exd5 Nf4 30. Rh7 Nxd5 31. Nxd5 exd5 32. c3
Qd6 33. Bf5 Ba4 34. Nd4 Bd8 35. Be6 Re8 36. Qf5 Qe5 37. Bxd5 Bc7 38. Qxe5
Rxe5 39. c4 Be8 40. Rg7 Rg5 41. Re7 Re5 42. Ne6 Bg6+ 43. Ka2 Bxa5 44. Rxb7+
Kc8 45. Rg7 Bc2 46. Nc5 Be1 47. Be6+ Kd8 48. Nb7+ Ke8 49. Nd6+ Kf8 50. Rf7+
Kg8 51. Rxf6+ Kg7 52. Rf7+ Kg6 53. Bd5 Bb4 54. Rf2 Bd1 55. Rg2+ Kh5 56. Ne4
Kh4 57. Rg6 Bc2 58. Rh6+ Kg4 59. Nf2+ Kg5 60. Rxa6 Re2 61. Nh3+ Kf5 62. Ng1
Re3 63. Nf3 Rd3 64. Nh4+ Kg4 0-1

[Event "American Continental"]
[Site "Buenos Aires ARG"]
[Date "2005.08.16"]
[Round "11"]
[White "Bachmann,Ax"]
[Black "Ricardi,P"]
[Result "1/2-1/2"]
[WhiteElo "2410"]
[BlackElo "2551"]
[EventDate "2005.08.06"]

1. e4 c5 2. Nf3 d6 3. d4 cxd4 4. Nxd4 Nf6 5. Nc3 a6 6. Be2 e5 7. Nb3 Be7 8.
O-O O-O 9. Be3 Be6 10. f4 exf4 11. Bxf4 Nc6 12. Kh1 d5 13. e5 Ne4 14. Nxe4
dxe4 15. Qe1 Qb6 16. Qg3 Rfd8 17. Bg4 Bxg4 18. Qxg4 Nb4 19. c3 Nd3 20. Qe2
Qg6 21. Bg3 Re8 22. Nd2 Bf8 23. Nxe4 Nxe5 24. Rae1 b5 25. Nf2 f6 26. Bxe5
Rxe5 27. Qd1 Rae8 28. h3 Qf7 29. Rxe5 Rxe5 30. Ng4 Re8 31. a4 Qe6 32. axb5
axb5 33. Qd3 Qc4 34. Qf3 Qe4 35. Qg3 Qg6 36. Qf3 Qe4 37. Qg3 Kh8 38. Qf2
Qe2 39. g3 Qxf2 40. Rxf2 Re1+ 41. Kg2 Kg8 42. Rd2 Kf7 43. Nf2 Rb1 44. Kf3
Ke6 45. g4 g6 46. Re2+ Kd7 47. Rd2+ Kc6 48. Re2 Kd7 49. Rd2+ Kc6 50. Re2
1/2-1/2

[Event "American Continental"]
[Site "Buenos Aires ARG"]
[Date "2005.08.16"]
[Round "11"]
[White "Labollita,M"]
[Black "Sunye Neto,J"]
[Result "1-0"]
[WhiteElo "2383"]
[BlackElo "2530"]
[EventDate "2005.08.06"]

1. d4 Nf6 2. c4 e6 3. Nc3 d5 4. cxd5 exd5 5. Bg5 Bb4 6. e3 c5 7. Nf3 Nbd7
8. Bd3 Qa5 9. Qc2 c4 10. Bf5 O-O 11. O-O Bxc3 12. bxc3 Re8 13. Nd2 Ne4 14.
Bxe4 dxe4 15. Bf4 Qd5 16. f3 exf3 17. e4 Qh5 18. Rxf3 Nf6 19. Rg3 b5 20.
Rf1 h6 21. h3 a6 22. Be3 Kh8 23. d5 Nd7 24. Rf5 Qh4 25. Bf4 Qe7 26. e5 Nf8
27. e6 fxe6 28. d6 Qd7 29. Rh5 Qf7 30. Rxh6+ 1-0

[Event "American Continental"]
[Site "Buenos Aires ARG"]
[Date "2005.08.16"]
[Round "11"]
[White "Disconzi da Silva,R"]
[Black "Sorin,A"]
[Result "1/2-1/2"]
[WhiteElo "2367"]
[BlackElo "2496"]
[EventDate "2005.08.06"]

1. d4 Nf6 2. c4 g6 3. Nc3 Bg7 4. e4 d6 5. h3 O-O 6. Bg5 c5 7. d5 b5 8. cxb5
a6 9. a4 Qa5 10. Bd2 Qb4 11. Bd3 c4 12. Na2 Qxb2 13. Bc3 Qa3 14. Bc2 axb5
15. Bb4 Qb2 16. Bc3 Qa3 1/2-1/2

[Event "American Continental"]
[Site "Buenos Aires ARG"]
[Date "2005.08.16"]
[Round "11"]
[White "Duarte,L"]
[Black "Zugic,I"]
[Result "1/2-1/2"]
[WhiteElo "2317"]
[BlackElo "2474"]
[EventDate "2005.08.06"]

1. e4 e6 2. d4 d5 3. Nc3 Bb4 4. e5 c5 5. a3 Ba5 6. b4 cxd4 7. Nb5 Bc7 8. f4
Ne7 9. Nf3 Bd7 10. Nxc7+ Qxc7 11. a4 Nbc6 12. Qd2 f6 13. exf6 gxf6 14. b5
Na5 15. Ba3 Qc3 16. Qxc3 dxc3 17. Bb4 Nc4 18. Bxc3 Kf7 19. Bd3 Rhc8 20. Bd4
a6 21. Rb1 axb5 22. axb5 Ra2 23. O-O Na3 24. Ra1 Rxa1 25. Rxa1 Nxc2 26.
Bxc2 Rxc2 27. Ra7 Rc7 28. b6 Rc1+ 29. Kf2 Bc6 30. g4 Rc2+ 31. Ke1 Ng6 32.
g5 fxg5 33. fxg5 Ke7 34. h4 Kd6 35. h5 Ne7 36. Be5+ Kc5 37. Nd4 Rc4 38.
Nxe6+ Kxb6 39. Ra2 Re4+ 40. Re2 Rxe2+ 41. Kxe2 Be8 42. g6 Nxg6 43. hxg6
Bxg6 44. Nf8 Kc5 45. Nxg6 hxg6 46. Kf3 1/2-1/2

[Event "American Continental"]
[Site "Buenos Aires ARG"]
[Date "2005.08.16"]
[Round "11"]
[White "Alonso,S"]
[Black "De Dovitiis,A"]
[Result "1/2-1/2"]
[WhiteElo "2457"]
[BlackElo "2345"]
[EventDate "2005.08.06"]

1. e4 e6 2. d4 d5 3. Nc3 Nc6 4. Nf3 Nf6 5. Bg5 Be7 6. exd5 exd5 7. Bb5 O-O
8. O-O Bg4 9. Bxc6 bxc6 10. Qd3 Bxf3 11. Qxf3 Rb8 12. b3 Re8 13. Rfe1 h6
14. Bh4 Nd7 15. Bxe7 Rxe7 16. Na4 Nb6 17. Nc5 Qd6 18. Rxe7 Qxe7 19. Qc3 Re8
20. a4 Qf6 21. h3 Re2 22. Nd3 Nd7 23. Re1 Rxe1+ 24. Qxe1 Qxd4 25. Qe8+ Nf8
26. Qxc6 Ne6 27. Qe8+ Nf8 28. g3 Qc3 29. Ne5 Qe1+ 30. Kg2 Qe4+ 31. Kh2 Qf5
32. Kg1 Qe6 33. Qxe6 Nxe6 34. Nc6 Kf8 35. Kf1 Ke8 36. Nxa7 Kd7 37. Nb5 c6
38. Na3 Nd4 39. h4 c5 40. Ke1 Kc6 41. Kd2 g5 42. hxg5 hxg5 43. Nb1 f5 44.
Nc3 Nf3+ 45. Ke2 Nd4+ 46. Kd3 Nf3 47. Nd1 Ne1+ 48. Kd2 Nf3+ 49. Ke3 Nd4 50.
Kd3 Nf3 51. c3 f4 52. gxf4 gxf4 53. Nb2 c4+ 54. Kc2 cxb3+ 55. Kxb3 Ne1 56.
Ka2 Kc5 57. Kb1 d4 58. cxd4+ Kxd4 59. Kc1 Nf3 60. Kc2 Ne5 61. Kd2 f3 62. a5
Nc6 63. a6 Kc5 64. Nd3+ Kb6 65. Ke3 Kxa6 66. Kxf3 Kb6 67. Ke4 Kc7 68. Kd5
Ne7+ 69. Ke6 Ng6 70. f3 Kd8 71. Nc5 Ke8 72. Nd3 Nh4 73. f4 Nf3 74. Kf6 Kf8
75. Nc5 Nh4 76. Ne6+ Ke8 77. Ng7+ Kf8 78. Ne6+ Ke8 79. Nc7+ Kd7 80. Kg5 Ng2
81. f5 Kxc7 82. f6 Kd7 83. Kh6 Nf4 84. f7 Ne6 85. Kg6 Ke7 1/2-1/2

[Event "American Continental"]
[Site "Buenos Aires ARG"]
[Date "2005.08.16"]
[Round "11"]
[White "Mosquera,M"]
[Black "Di Benedetto,G"]
[Result "1/2-1/2"]
[WhiteElo "2442"]
[BlackElo "2205"]
[EventDate "2005.08.06"]

1. d4 f5 2. Bg5 g6 3. Nc3 Bg7 4. e4 fxe4 5. Nxe4 Nf6 6. Ng3 c6 7. Qd2 d6 8.
O-O-O Bg4 9. Re1 Na6 10. h3 Bd7 11. Nf3 Qb6 12. h4 h6 13. Bf4 O-O-O 14.
Rxe7 Bf8 15. Re1 Nd5 16. Bc4 Nxf4 17. Qxf4 d5 18. Bb3 Bg7 19. Ne5 Rhf8 20.
Qd2 Be8 21. c3 c5 22. Kb1 cxd4 23. cxd4 Kb8 24. f4 Nc7 25. Ne2 a5 26. Nc3
Qb4 27. Rd1 Rf6 28. g3 Ra6 29. Ne2 Qd6 30. Bc2 a4 31. Bd3 Rb6 32. Rc1 Nb5
33. Bxb5 Rxb5 34. Rc3 Bd7 35. Nxd7+ Qxd7 36. Qd3 Re8 37. Rhc1 Rb6 38. Ng1
Re4 39. Nf3 Qf5 40. R3c2 Rxf4 41. Qxf5 Rxf5 42. Rc3 Re6 43. Rd3 Re2 44. Rc2
Re4 45. Rg2 g5 46. hxg5 hxg5 47. g4 Rf8 48. Kc2 Bf6 49. Kd2 Rfe8 50. Kc3
Be7 51. a3 b5 52. Kc2 Bf6 53. Kb1 Rh8 54. Kc2 1/2-1/2

[Event "American Continental"]
[Site "Buenos Aires ARG"]
[Date "2005.08.16"]
[Round "11"]
[White "Flores,Di"]
[Black "Pacheco,Dan"]
[Result "1-0"]
[WhiteElo "2513"]
[BlackElo "2324"]
[EventDate "2005.08.06"]

1. Nf3 g6 2. c4 Bg7 3. Nc3 d6 4. d4 c6 5. e4 Bg4 6. Be3 Qb6 7. Qd2 Bxf3 8.
gxf3 Nd7 9. h4 Ngf6 10. O-O-O Qa5 11. Kb1 O-O-O 12. Be2 Kb8 13. f4 e6 14.
h5 Rhg8 15. e5 Ne8 16. h6 Bf8 17. d5 cxd5 18. cxd5 dxe5 19. dxe6 fxe6 20.
fxe5 Be7 21. Nb5 Qxd2 22. Bxa7+ Ka8 23. Rxd2 Nxe5 24. Rc2 Nf6 25. Rh4 Nc6
26. Ra4 Rd7 27. Bf3 Nxa7 28. Rxa7+ Kb8 29. Rc4 Nd5 30. Bxd5 Rxd5 31. Rca4
Rxb5 32. Ra8+ Kc7 33. Rxg8 Bf6 34. b3 b6 35. Rg7+ Kd6 36. Rxh7 Rh5 37. Rf7
Be5 38. h7 b5 39. Ra6+ Kd5 40. Rd7+ Ke4 41. Rxe6 Kf5 42. Re8 Rh1+ 43. Kc2
Bf6 44. Rf7 1-0

[Event "American Continental"]
[Site "Buenos Aires ARG"]
[Date "2005.08.16"]
[Round "11"]
[White "Mieles Palau,D"]
[Black "Echavarria,J"]
[Result "1-0"]
[WhiteElo "2476"]
[BlackElo "2362"]
[EventDate "2005.08.06"]

1. e4 c5 2. Nf3 e6 3. d4 cxd4 4. Nxd4 Nf6 5. Nc3 Nc6 6. Ndb5 d6 7. Bf4 e5
8. Bg5 a6 9. Na3 b5 10. Bxf6 gxf6 11. Nd5 f5 12. Bd3 Be6 13. O-O Bxd5 14.
exd5 Ne7 15. Re1 Bg7 16. c3 O-O 17. Qh5 e4 18. Bf1 Re8 19. Rad1 Ng6 20.
Qxf5 Re5 21. Qh3 Nf4 22. Qg3 Qf6 23. c4 Kh8 24. cxb5 Rg8 25. Kh1 axb5 26.
Nxb5 Qh6 27. Nxd6 Qxd6 28. Qxf4 Bh6 29. Qh4 f5 30. Qh3 Rg6 31. Qc3 Kg8 32.
b4 Bf8 33. a4 Rh6 34. h3 f4 35. Qd4 Qe7 36. a5 e3 37. Qxf4 Rf6 38. Qg3+ Rg6
39. d6 Qxd6 40. Bc4+ Kg7 41. Rxd6 Rxg3 42. Rd7+ Kh6 43. fxg3 Bxb4 44. Re2
Bxa5 45. Bd5 1-0

[Event "American Continental"]
[Site "Buenos Aires ARG"]
[Date "2005.08.16"]
[Round "11"]
[White "Milman,L"]
[Black "Hungaski,R"]
[Result "1-0"]
[WhiteElo "2459"]
[BlackElo "2308"]
[EventDate "2005.08.06"]

1. d4 e6 2. c4 Nf6 3. Nf3 d5 4. Nc3 Be7 5. Bg5 h6 6. Bh4 O-O 7. e3 Ne4 8.
Bxe7 Qxe7 9. Qc2 Nxc3 10. Qxc3 c6 11. Bd3 Nd7 12. O-O Re8 13. e4 dxc4 14.
Bxc4 e5 15. Rfe1 exd4 16. Nxd4 Ne5 17. Bb3 Qf6 18. Re3 Bg4 19. Rf1 g5 20.
g3 Bh3 21. Rfe1 Kh7 22. Nf3 Kg7 23. Nxe5 Qxe5 24. Qxe5+ Rxe5 25. f4 Re7 26.
Rd1 Rae8 27. e5 f6 28. e6 Bxe6 29. Rde1 gxf4 30. Rxe6 Rxe6 31. Rxe6 Rxe6
32. Bxe6 fxg3 33. hxg3 Kg6 34. Kf2 Kg5 35. Ke3 f5 36. Kd4 f4 37. gxf4+ Kxf4
38. Kc5 1-0

[Event "American Continental"]
[Site "Buenos Aires ARG"]
[Date "2005.08.16"]
[Round "11"]
[White "Bitelmajer,M"]
[Black "Pierrot,F"]
[Result "1-0"]
[WhiteElo "2243"]
[BlackElo "2449"]
[EventDate "2005.08.06"]

1. d4 Nf6 2. c4 e6 3. g3 Bb4+ 4. Bd2 Qe7 5. Bg2 O-O 6. Nf3 Bxd2+ 7. Qxd2 d6
8. Nc3 e5 9. O-O Re8 10. e4 Bg4 11. d5 Bxf3 12. Bxf3 a5 13. Bg2 Na6 14. b3
Nc5 15. Rfe1 Qd7 16. Rad1 Re7 17. Nb5 Ree8 18. Na3 h6 19. Nc2 b5 20. cxb5
Qxb5 21. f3 Kh7 22. Kh1 Qd7 23. Bf1 Reb8 24. Ne3 Na6 25. Rb1 Nc5 26. Nc4
Nb7 27. Red1 Qe8 28. Qc3 Qe7 29. Na3 Nc5 30. Bb5 h5 31. Bc6 Ra6 32. Nc4 h4
33. g4 Ne6 34. Nxa5 Nd4 35. b4 Nd7 36. a3 Nb6 37. Rxd4 exd4 38. Qxd4 Nd7
39. Qd3 Rab6 40. Bxd7 Qxd7 41. Rc1 Ra8 42. Qc2 h3 43. Qf2 Kg8 44. Qd2 Qa4
45. Nc4 Rba6 46. Rc3 Qb5 47. Kg1 c5 48. Na5 Rb8 49. Nc6 cxb4 50. Nxb4 Ra4
51. Kf2 Rba8 52. Qb2 g6 53. Kg3 Qf1 54. Nc6 Kh7 55. Rc1 Qg2+ 56. Qxg2 hxg2
57. Kxg2 Rxa3 58. Rb1 Rd3 59. Rb7 Kg7 60. Na7 Rh8 61. Kg3 g5 62. h3 Rd1 63.
Nb5 Rh6 64. Rd7 Rh1 65. Nxd6 R1xh3+ 66. Kf2 Rf6 67. Ne8+ 1-0

[Event "American Continental"]
[Site "Buenos Aires ARG"]
[Date "2005.08.16"]
[Round "11"]
[White "Soppe,G"]
[Black "Perez Cascella,J"]
[Result "1-0"]
[WhiteElo "2432"]
[BlackElo "2209"]
[EventDate "2005.08.06"]

1. d4 Nf6 2. c4 g6 3. Nc3 Bg7 4. e4 d6 5. h3 O-O 6. Bg5 c5 7. d5 a6 8. a4
Qa5 9. Bd2 Re8 10. Bd3 Nbd7 11. Nf3 e6 12. Nb5 Qd8 13. Nxd6 Ne5 14. Bf4
Nxd3+ 15. Qxd3 Nh5 16. Bh2 exd5 17. Nxe8 Qxe8 18. cxd5 Bf5 19. Nd2 Bxb2 20.
Rb1 c4 21. Qxc4 Rc8 22. Qe2 Bc3 23. O-O Bxd2 24. Qxd2 Qxe4 25. Rxb7 Bd7 26.
Ra1 1-0

[Event "American Continental"]
[Site "Buenos Aires ARG"]
[Date "2005.08.16"]
[Round "11"]
[White "Morinongeli,M"]
[Black "Monier,R"]
[Result "0-1"]
[WhiteElo "2119"]
[BlackElo "2412"]
[EventDate "2005.08.06"]

1. Nf3 Nf6 2. c4 e6 3. g3 b6 4. Bg2 Bb7 5. O-O Be7 6. Nc3 O-O 7. Re1 c5 8.
e4 d6 9. d4 cxd4 10. Nxd4 Qc8 11. b3 a6 12. Bb2 Nbd7 13. f4 Qc7 14. f5 e5
15. Nc2 b5 16. Ne3 bxc4 17. Nxc4 Nb6 18. Ne3 Rad8 19. Rc1 Qb8 20. Qf3 Rc8
21. g4 h6 22. Ned5 Nbxd5 23. exd5 Rc5 24. Rcd1 Rfc8 25. Rd3 Qa7 26. Kh1 Qa8
27. Red1 Re8 28. h4 e4 29. Nxe4 Nxe4 30. Qxe4 Bf6 0-1

[Event "American Continental"]
[Site "Buenos Aires ARG"]
[Date "2005.08.16"]
[Round "11"]
[White "Dolezal,C"]
[Black "Ruiz,Pa"]
[Result "1-0"]
[WhiteElo "2402"]
[BlackElo "2189"]
[EventDate "2005.08.06"]

1. e4 c5 2. Nf3 e6 3. d4 cxd4 4. Nxd4 a6 5. Bd3 Qc7 6. f4 Bc5 7. Nb3 Ba7 8.
Qg4 Kf8 9. Nc3 Nf6 10. Qh3 d5 11. e5 Nfd7 12. Be3 Nxe5 13. fxe5 Qxe5 14.
Kd2 d4 15. Nxd4 Bxd4 16. Rae1 Nc6 17. Rhf1 Bxe3+ 18. Rxe3 Qg5 19. Ne4 Qe7
20. Qh5 f5 21. Nd6 g6 22. Qh6+ Qg7 23. Nxf5 gxf5 24. Rxf5+ exf5 25. Qd6+
1-0

[Event "American Continental"]
[Site "Buenos Aires ARG"]
[Date "2005.08.16"]
[Round "11"]
[White "Mayorga,N"]
[Black "Needleman,A"]
[Result "1/2-1/2"]
[WhiteElo "2188"]
[BlackElo "2394"]
[EventDate "2005.08.06"]

1. e4 e5 2. Nf3 d6 3. d4 Nd7 4. Bc4 c6 5. O-O Be7 6. c3 Ngf6 7. Nbd2 O-O 8.
Bb3 h6 9. Re1 Nh7 10. Nf1 Ng5 11. Ng3 Nxf3+ 12. Qxf3 Bg5 13. Nf5 Qf6 14. h4
Bxc1 15. Raxc1 g6 16. Qg3 Kh7 17. Ne3 Re8 18. h5 gxh5 19. Qf3 Qxf3 20. gxf3
Nf8 21. Bxf7 Re7 22. Bxh5 Ne6 23. Nf5 Rd7 24. Bg4 Nf4 25. Kh2 h5 26. Bh3
Nxh3 27. Kxh3 Rf7 28. dxe5 dxe5 29. Rcd1 Bxf5+ 30. exf5 Rxf5 31. Rd7+ Kh6
32. Rxb7 Rxf3+ 33. Kg2 Raf8 34. Re2 h4 35. Rb4 h3+ 36. Kh2 R8f5 37. a4 a5
38. Rbe4 Rxf2+ 39. Kxh3 Rxe2 40. Rxe2 c5 41. Kg3 Kg5 42. Re4 Kf6 43. Rc4
Rf1 44. Rxc5 Rb1 45. Rb5 Kf5 46. Kf3 Rf1+ 47. Ke2 Rh1 48. Kd3 Kf4 49. Rxa5
e4+ 50. Kc4 e3 51. Ra8 e2 52. Rf8+ Kg5 53. Re8 e1=Q 54. Rxe1 Rxe1 55. Kc5
Kf6 56. Kb6 Re6+ 57. Kb7 Re7+ 58. Kb6 Re6+ 59. Kb7 Re7+ 60. Kb6 1/2-1/2

[Event "American Continental"]
[Site "Buenos Aires ARG"]
[Date "2005.08.16"]
[Round "11"]
[White "Real de Azua,E"]
[Black "Goldwaser,C"]
[Result "1/2-1/2"]
[WhiteElo "2386"]
[BlackElo "2180"]
[EventDate "2005.08.06"]

1. e4 c5 2. Nf3 e6 3. d4 cxd4 4. Nxd4 a6 5. Bd3 g6 6. O-O Bg7 7. Be3 Ne7 8.
c4 d5 9. exd5 exd5 10. Nc3 O-O 11. cxd5 Nxd5 12. Nxd5 Qxd5 13. Be2 Nc6 14.
Bf3 Qa5 15. Nxc6 1/2-1/2